000 00272nam a22001337a 4500
008 210526b ||||| |||| 00| 0 eng d
041 _aeng
080 _a159.9
082 _a159.9
100 _a48
101 _aPSI
245 _aEncounter
_cBurton,A
942 _2udc
_cBK
999 _c57661
_d57661